| 000 | 00981nam a22002417a 4500 | ||
|---|---|---|---|
| 999 |
_c1035 _d1035 |
||
| 003 | AR-CdUCM | ||
| 008 | 190226b ||||| |||| 00| 0 spa d | ||
| 040 |
_aMUNICIPALIDAD PROVINCIAL DEL CUSCO _cBIBLIOTECA MUNICIPAL DEL CUSCO |
||
| 082 |
_22da / _a949.7 / _bB84 |
||
| 100 |
_aBroz Tito, Josip _94026 |
||
| 245 | _aLa Lucha y el Desarrollo del PCY entre las dos Guerras / | ||
| 260 |
_aSerbia : _bIzdaje ; _c1979. |
||
| 300 |
_a124 páginas _c20cm |
||
| 505 | _aLas disputas fraccionarias en el PCY y la lucha por la unidad del mismo -- El partido comunista de Yugoslavia y la Komintern -- La nueva conducción y la consolidación del PCY -- El PCY en los preparativos de la lucha de liberación nacional y de la revolución socialista. | ||
| 650 |
_arevolución _94027 |
||
| 650 |
_asocialista _94028 |
||
| 650 |
_alucha _94029 |
||
| 650 |
_aconsolidación _94030 |
||
| 650 |
_aliberación _94031 |
||
| 710 |
_aCAS _93481 |
||
| 942 |
_2ddc _cLIBROS |
||
| 945 |
_anom _d2019-02-26 |
||